Traité pratique de pronunciation française / (Record no. 75291)

MARC details
000 -LEADER
campo de control de longitud fija 00483nam a2200157 i 4500
001 - NÚMERO DE CONTROL
campo de control 75291
003 - IDENTIFICADOR DE NÚMERO DE CONTROL
campo de control ES-MaACL
005 - FECHA Y HORA DE LA ÚLTIMA TRANSACCIÓN
campo de control 20230906172410.0
007 - CAMPO FIJO DE DESCRIPCIÓN FÍSICA--INFORMACIÓN GENERAL
campo de control de longitud fija t|
008 - DATOS DE LONGITUD FIJA--INFORMACIÓN GENERAL
campo de control de longitud fija 030923s1914 fr ||||1| fre d
100 1# - ENTRADA PRINCIPAL--NOMBRE DE PERSONA
Nombre de persona Gramont, Maurice.
9 (RLIN) 59542
245 10 - MENCIÓN DEL TÍTULO
Título Traité pratique de pronunciation française /
Mención de responsabilidad, etc. par Maurice Gramont.
260 ## - PUBLICACIÓN, DISTRIBUCIÓN, ETC.
Lugar de publicación, distribución, etc. Paris :
Nombre del editor, distribuidor, etc. Delagrave,
Fecha de publicación, distribución, etc. [1944] (
Fabricante Société Anonyme d'Impremerie de Villafranche)
300 ## - DESCRIPCIÓN FÍSICA
Extensión 232 p. ;
Dimensiones 19 cm.
852 ## - LOCALIZACIÓN
Ubicación ES-MaACL
Número de control de estantería F-13304
Holdings
Estatus retirado Estado de pérdida Estado de daño No para préstamo Biblioteca de origen Biblioteca actual Ubicación en estantería Fecha de adquisición Fuente de adquisición Total de préstamos Signatura topográfica completa Código de barras Visto por última vez Precio de reemplazo Tipo de ítem Koha
        Biblioteca del Ateneo de Madrid Biblioteca del Ateneo de Madrid Sala Pecera Planta 2 17/01/2008     F-13304 1078806 23/02/2023 23/02/2023 Libro impreso